000 01689nam a2200493 i 4500
001 51469
003 KOSZ 005
005 20200212074944.0
008 030219s2002 pl a f f |000 0 pol
015 _aPB 2003/7779
020 _a837207092X
035 _a991020257849705066
035 _a(PL-WaBN)b15493490-48omnis_nlop
035 _ab15493490
035 _a(OCoLC)749228661
035 _a(PL)b0000001549349
035 _a(EXLNZ-48OMNIS_NETWORK)9910302457405606
040 _aWA N
_cWA N
_dKOSZ 005/HR
041 0 _apol
046 _k2002
080 _a004.732
080 _a(075.8)
100 1 _aNowicki, Krzysztof
_d(1954- )
_eAutor
245 1 0 _aPrzewodowe i bezprzewodowe sieci LAN /
_cKrzysztof Nowicki, Józef Woźniak.
260 _aWarszawa :
_bOficyna Wydawnicza Politechniki Warszawskiej,
_ccop. 2002.
300 _a595 s. :
_bil. ;
_c27 cm.
336 _2rdacontent
_aTekst
_btxt
337 _2rdamedia
_aBez urządzenia pośredniczącego
_bn
338 _2rdacarrier
_aWolumin
_bnc
380 _aKsiążki
380 _aPublikacje dydaktyczne
385 _mPoziom nauczania
_aSzkoły wyższe
388 _a2001-
504 _aBibliogr. przy rozdz.
521 8 _aPodręcznik akademicki.
650 7 _aSieć komputerowa lokalna
_2DBN
655 7 _aPodręczniki akademickie
_2DBN
658 _aInformatyka i technologie informacyjne
700 1 _aWoźniak, Józef
_c(informatyk)
_eAutor
710 2 _aOficyna Wydawnicza Politechniki Warszawskiej
_4pbl
856 _uhttp://koha.tu.koszalin.pl/cgi-bin/koha/opac-detail.pl?biblionumber=51469
_yKaalog online BPK
942 _2UKD
_cKS
999 _c51469
_d51469